000 00996nas a2200301 4500
001 BR0301278
003 BR-BrBNA
005 20231205103624.0
007 ta
008 230509b bl.|||p| |||| 00| 00por d
040 _aBR-BrBNA
_bpor
_cBiblioteca Nacional de Agricultura
041 _a(En)
072 _aL50
100 1 _aKogika, M.M.
100 1 _aImagawa, V.H.
100 1 _aLucas, S.R.R.
100 1 _aMirandola, R.M.S.
100 1 _aHagiwara, M.K.
245 1 _aEvaluation of preprandial and postprandial serum bile acids and plasma ammonia concentrations in healthy domestic cats and the effects of frozen storage on plasma ammonia concentrations
650 _aGATO
650 _aAMÔNIA
650 _aSANGUE
650 _aPLASMA
650 _aCONGELAMENTO
773 0 _tBrazilian Journal of Veterinary Research and Animal Science (Brazil)
_xISSN 1413-9596
_g(1999), v. 36(1-3) p. 111-115
_wBR0301278
909 _a202311
_bLúcia
_c55
_dLúcia Elande
942 _2AGRIS
_n0
_cANA
999 _c173866
_d173866